000 00388 a2200157 4500
001 75308
020 _a9788523021648
040 _cAnchieta - Colégio São Paulo
100 _aColasanti, Marina
240 1 0 _aMais de 100 histórias maravilhosas
_lpor
245 1 0 _aMais de 100 histórias maravilhosas
300 _a429
362 0 _a2015
650 4 _aLiteratura juvenil
942 _cBK
999 _c75308
_d75308